Elementos para el diseño de sistemas de control y distribución física en subestaciones

Salvato in:
Dettagli Bibliografici
Autore principale: Castro Barrantes, Marlon
Altri autori: De León Campos, Orlando José
Natura: Libro
Pubblicazione: [San José, Costa Rica] 2004
Soggetti:
Tags: Aggiungi Tag
Nessun Tag, puoi essere il primo ad aggiungerne!!

MARC

LEADER 00000nam a2200000Ia 4500
003 009301
005 20221231144140.0
008 140114s2004 cr a m 000 ||s d
040 |c cru CEDI 
090 |a TFG 4840 
100 |a Castro Barrantes, Marlon   |9 4070 
245 |a Elementos para el diseño de sistemas de control y distribución física en subestaciones 
260 |c 2004  |a  [San José, Costa Rica] 
300 |a  260 hojas : ilustraciones  
500 |a  Tesis (licenciatura en ingeniería eléctrica)--Universidad de Costa Rica, Facultad de Ingeniería, Escuela de Ingeniería Eléctrica 
650 |x SUBESTACIONES ELECTRICAS   |x  DISEÑO   |x SISTEMAS DE CONTROL  |9 6571 
700 |9 4100  |a De León Campos, Orlando José  
942 |c TFG 
999 |c 17593  |d 17593